Nuevos movimientos sociales y sociedad civil: apuntes sobre el caso centroamericano /
Guardat en:
| Autor principal: | |
|---|---|
| Format: | Text |
| Matèries: | |
| Etiquetes: |
Afegir etiqueta
Sense etiquetes, Sigues el primer a etiquetar aquest registre!
|
MARC
| LEADER | 00000 a a2200000 04500 | ||
|---|---|---|---|
| 001 | 4408 | ||
| 003 | |||
| 040 | |||
| 100 | |a Otazo Conde, Rubén | ||
| 245 | |a Nuevos movimientos sociales y sociedad civil: |b apuntes sobre el caso centroamericano / |c Rubén Otazo Conde | ||
| 500 | |a Ideas y comentarios del presente artículo están contenidas en el libro PNUD: La sociedad civil y los procesos de concertación en Centroamérica. Proyecto de Gobernabilidad Democrática para Centroamérica, CAM.96.001, San José, Costa Rica, 1997 | ||
| 650 | |a PARTICIPACION SOCIAL | ||
| 650 | |a CONCIENTIZACION | ||
| 650 | |a DEFENSA DE LA CAUSA | ||
| 650 | |a GUERRA | ||
| 650 | |a PARTICIPACION POPULAR | ||
| 650 | |a MOVILIZACION SOCIAL | ||
| 650 | |a MOVIMIENTOS SOCIAL | ||
| 650 | |a CONFLICTOS SOCIALES | ||
| 650 | |a CRISIS SOCIAL | ||
| 650 | |a CONTROL SOCIAL | ||
| 650 | |a REVOLUCION | ||
| 650 | |a SOCIEDAD | ||
| 650 | |a SOCIEDAD CIVIL | ||
| 650 | |a SISTEMNA SOCIAL | ||
| 650 | |a MEDIO SOCIAL | ||
| 650 | |a AR | ||
| 773 | |g volumen 13 -14, número 26 -; páginas 79-99 | ||
| 999 | |c 23875 |d 23875 | ||
